Pakistan [ land and culture
| Format: | Book |
|---|---|
| Subjects: |
MARC
| LEADER | 00000cam a2200000 7i4500 | ||
|---|---|---|---|
| 001 | 0000018256 | ||
| 005 | 20061205.0 | ||
| 040 | |a INS | ||
| 090 | 0 | 0 | |a DS376.8 |
| 245 | 0 | 0 | |a Pakistan [ |h video recording] : |b land and culture |
| 300 | |a 1 Video cassette (VHS) : |b sd.. col. ; |c n.d. | ||
| 651 | 0 | |a Pakistan |x Description and travel | |
| 999 | |a VHS1059 |b VIDEO |c Media Collection |e Default branch | ||